LEADER 01767nam0 22003853i 450 001 TO01484448 005 20231121125845.0 020 $aIT$b669365 100 $a20190917d1966 ||||0itac50 ba 101 | $aita 102 $ait 181 1$6z01$ai $bxxxe 182 1$6z01$an 200 1 $aCoscienza religiosa e democratica nell'Italia contemporanea$fPietro Scoppola 210 $aBologna$cIl mulino$dc1966 215 $a429 p.$d22 cm. 225 | $aSaggi$v54 410 0$1001CFI0000015$12001 $aSaggi$v54 606 $aCattolici italiani$xAttivita politica$2FIR$3RMLC015837$9I 606 $aMovimento cattolico$xItalia$2FIR$3RMLC020838$9I 676 $a261.6$9$v21 700 1$aScoppola$b, Pietro$3CFIV012551$4070$0139846 801 3$aIT$bIT-01$c20190917 850 $aIT-RM0289 $aIT-RM0281 $aIT-RM1248 $aIT-FR0084 $aIT-RM0460 $aIT-FR0017 899 $aBiblioteca Statale A. Baldini$bRM0289 899 $aBIBLIOTECA VALLICELLIANA$bRM0281 899 $aBiblioteca Della Fondazione Pietro Nenni$bRM1248 899 $aBiblioteca Del Monumento Nazionale Di Montecassino$bFR0084 899 $aBiblioteca Dell' Archivio Centrale Dello Stato$bRM0460 899 $aBiblioteca umanistica Giorgio Aprea$bFR0017 912 $aTO01484448 950 0$aBiblioteca umanistica Giorgio Aprea$d 52DES 261 Sco.Cos.$e 52FLS0000369325 VMB RS $fA $h20130321$i20130321$d 52MAG 6/973$e 52MAG0000041765 VMN RS $fA $h20130522$i20130522 977 $a 04$a 08$a 23$a 25$a 27$a 52 996 $aCoscienza religiosa e democratica nell'Italia contemporanea$93638799 997 $aUNICAS